[Event "Central Asia-ch U20"]
[Site "Tashkent"]
[Date "2019.09.23"]
[Round "3"]
[White "Muzafarov, Avazbek"]
[Black "Yakubboev, Nodirbek"]
[Result "0-1"]
[WhiteElo "1798"]
[BlackElo "2598"]
[PlyCount "86"]
[EventDate "2019.09.21"]
[EventType "swiss"]
[EventRounds "9"]
[EventCountry "UZB"]
[SourceTitle "EXT 2020"]
[Source "ChessBase"]
[SourceDate "2019.10.17"]
[SourceVersion "1"]
[SourceVersionDate "2019.10.17"]
[SourceQuality "1"]

1. d4 f5 2. c4 Nf6 3. Nc3 d6 4. g3 g6 5. Bg2 Bg7 6. d5 0-0 7. Nh3 c6 8. Nf4 e5 9. dxe6 Qe7 10. 0-0 Bxe6 11. Nxe6 Qxe6 12. Bf4 Qxc4 13. Qxd6 Na6 14. Rad1 Rfe8 15. Rd4 Qf7 16. Bg5 Re6 17. Qa3 Ne4 18. Bxe4 Bxd4 19. Bd3 Nc5 20. Bc4 b5 21. Bxe6 Nxe6 22. Be3 Bxe3 23. fxe3 Rd8 24. Ne4 Qc7 25. Qb3 Qe5 26. Ng5 Rd5 27. Nxe6 Qxe6 28. Kf2 a5 29. a3 a4 30. Qc3 c5 31. h4 c4 32. h5 g5 33. Qa5 Kg7 34. Qa7+ Kh6 35. Qa8 Qd6 36. Qe8 Re5 37. Rd1 Qc5 38. Qd7 Qxe3+ 39. Kg2 Qxe2+ 40. Kg1 Kxh5 41. Qxh7+ Kg4 42. Rf1 Kxg3 43. Qh1 Qe3+ 0-1

[Event "Central Asia-ch U20"]
[Site "Tashkent"]
[Date "2019.09.22"]
[Round "2"]
[White "Agmanov, Zhandos"]
[Black "Muzafarov, Avazbek"]
[Result "1-0"]
[WhiteElo "2403"]
[BlackElo "1798"]
[PlyCount "73"]
[EventDate "2019.09.21"]
[EventType "swiss"]
[EventRounds "9"]
[EventCountry "UZB"]
[SourceTitle "EXT 2020"]
[Source "ChessBase"]
[SourceDate "2019.10.17"]
[SourceVersion "1"]
[SourceVersionDate "2019.10.17"]
[SourceQuality "1"]

1. e4 c5 2. Nf3 g6 3. d4 cxd4 4. Nxd4 Nc6 5. c4 Bg7 6. Be3 d6 7. Nc3 Qb6 8. Nb3 Bxc3+ 9. bxc3 Qc7 10. f3 Nf6 11. Bh6 Rg8 12. Bg5 Nd7 13. Be2 Nce5 14. Qd4 Nf8 15. Be3 b6 16. Qd5 Rb8 17. 0-0 Be6 18. Qb5+ Bd7 19. Qa6 Bc8 20. Qa4+ Bd7 21. Qa6 Bc8 22. Qa3 Be6 23. Nd4 Bxc4 24. Bxc4 Nxc4 25. Qa4+ Nd7 26. Nb5 Qc6 27. Nxd6+ Qxd6 28. Qxc4 Nc5 29. Rfd1 Qc7 30. Qb5+ Nd7 31. Rd3 g5 32. Rad1 Rd8 33. Bxg5 a6 34. Qf5 Qc5+ 35. Qxc5 bxc5 36. Bf4 c4 37. R3d2 1-0